<?xml version="1.0" encoding="UTF-8"?>
<record
    xmlns:xsi="http://www.w3.org/2001/XMLSchema-instance"
    xsi:schemaLocation="http://www.loc.gov/MARC21/slim http://www.loc.gov/standards/marcxml/schema/MARC21slim.xsd"
    xmlns="http://www.loc.gov/MARC21/slim">

  <leader>02560cam a2200229 i 4500</leader>
  <datafield tag="020" ind1=" " ind2=" ">
    <subfield code="a">1933264888 (hardcover : alk. paper)</subfield>
  </datafield>
  <datafield tag="020" ind1=" " ind2=" ">
    <subfield code="a">9781933264882 (hardcover : alk. paper)</subfield>
  </datafield>
  <datafield tag="082" ind1="0" ind2="0">
    <subfield code="a">363.1251</subfield>
    <subfield code="b">SMI</subfield>
    <subfield code="c">NUST-02-p99</subfield>
  </datafield>
  <datafield tag="100" ind1="1" ind2=" ">
    <subfield code="a">Smiley, Alison,</subfield>
    <subfield code="9">51733</subfield>
  </datafield>
  <datafield tag="245" ind1="1" ind2="0">
    <subfield code="a">Human factors in traffic safety /</subfield>
    <subfield code="c">edited by Alison Smiley ; contributors, Gerson Alexander, Cher Carney, Robert Dewar, Bonnie M. Dobbs, Paul Green, Fred Hanscom, Jeff Linkenbach, Michele Lustman, Daniel V. McGehee, Herbert Moskowitz, Paul Olson, Jay Otto, Michelle L. Reyes, James E. W. Roseborough, Thomas Smahel, Steve Swinford, Louis Tijerina, Nicholas Ward, David L. Wiesenthal, Sarah Keller.</subfield>
  </datafield>
  <datafield tag="250" ind1=" " ind2=" ">
    <subfield code="a">Third edition.</subfield>
  </datafield>
  <datafield tag="260" ind1=" " ind2=" ">
    <subfield code="a">USA:.</subfield>
    <subfield code="b">Lawyers &amp; Judges Publishing company.</subfield>
    <subfield code="c">2016..</subfield>
  </datafield>
  <datafield tag="300" ind1=" " ind2=" ">
    <subfield code="a">ix, 540 pages :</subfield>
    <subfield code="b">illustrations ;</subfield>
    <subfield code="c">28 cm</subfield>
  </datafield>
  <datafield tag="500" ind1=" " ind2=" ">
    <subfield code="a">Includes index.</subfield>
  </datafield>
  <datafield tag="505" ind1="0" ind2=" ">
    <subfield code="a">Understanding Road Users /Alison Smiley, Ph.D., CCPE -- Perception /R. E. Dewar and P. L. Olson -- Information Processing, Attention, and Driver Workload /Louis Tijerina -- Where Drivers Look while Driving (and for How Long) /Paul Green -- Driver Perception-Response Time /Paul Olson -- Young Drivers /Michelle L. Ryes, Cher Carney, and Daniel V. McGehee, University of Iowa Human Factors and Vehicle Safety Research Division Public Policy Center -- Older Drivers /Robert Dewar -- Aggressive Driving /David L. Wiesenthal, Mich&#xE8;le Lustman, &amp; James Roseborough -- Alcohol and Drugs /Herbert Moskowitz -- Driver Distraction and Road Safety /Louis Tijerina --  Fatigue and Driving /Alison Smiley, Ph.D., CCPE -- Medical Conditions and Driving /Bonnie M. Dobbs, Ph.D. -- The Visibility Provided by Vehicle Lighting Systems /Paul Olson -- Positive Guidance /Gerson Alexander, B.S., BCPE -- Intersection and Roundabout Crashes /Alison Smiley, Ph.D., CCPE -- Lane Departure Crashes /Alison Smiley, Ph.D., CCPE -- Traffic Control Devices /Alison Smiley, Ph.D., CCPE and Thomas Smahel, M.ARCH., CCPE -- Highway Work Zones /Fred Hanscom and Robert Dewar -- Pedestrians and Bicyclists /Robert Dewar -- The Traffic Safety Culture Paradigm /Nicholas Ward, Jay Otto, Steve Swinford, Sarah Keller, and Jeff Linkenbach, Center for Health and Safety Culture, Western Transportation Institute, Montana State University.</subfield>
  </datafield>
  <datafield tag="526" ind1=" " ind2=" ">
    <subfield code="a">0</subfield>
    <subfield code="b">0</subfield>
    <subfield code="c">0</subfield>
    <subfield code="d">363_125100000000000_SMI</subfield>
  </datafield>
  <datafield tag="650" ind1=" " ind2="0">
    <subfield code="a">Automobile driving</subfield>
    <subfield code="x">Physiological aspects.</subfield>
    <subfield code="9">51734</subfield>
  </datafield>
  <datafield tag="650" ind1=" " ind2="0">
    <subfield code="a">Traffic accidents</subfield>
    <subfield code="z">United States.</subfield>
    <subfield code="9">22367</subfield>
  </datafield>
  <datafield tag="650" ind1=" " ind2="0">
    <subfield code="a">Traffic safety</subfield>
    <subfield code="z">United States.</subfield>
    <subfield code="9">20010</subfield>
  </datafield>
  <datafield tag="700" ind1="1" ind2=" ">
    <subfield code="a">Alexander, Gerson J.,</subfield>
    <subfield code="9">51735</subfield>
  </datafield>
  <datafield tag="942" ind1=" " ind2=" ">
    <subfield code="2">ddc</subfield>
    <subfield code="c">BK</subfield>
  </datafield>
  <datafield tag="999" ind1=" " ind2=" ">
    <subfield code="c">554285</subfield>
    <subfield code="d">554285</subfield>
  </datafield>
  <datafield tag="952" ind1=" " ind2=" ">
    <subfield code="0">0</subfield>
    <subfield code="1">0</subfield>
    <subfield code="2">ddc</subfield>
    <subfield code="4">0</subfield>
    <subfield code="7">0</subfield>
    <subfield code="a">MCE</subfield>
    <subfield code="b">MCE</subfield>
    <subfield code="d">2019-09-03</subfield>
    <subfield code="g">43223.00</subfield>
    <subfield code="l">1</subfield>
    <subfield code="o">363.1251 SMI</subfield>
    <subfield code="p">MCE-51106</subfield>
    <subfield code="r">2019-10-15</subfield>
    <subfield code="s">2019-10-15</subfield>
    <subfield code="w">2019-09-03</subfield>
    <subfield code="y">BK</subfield>
  </datafield>
</record>
